00422 2200169 4500001002100000005001500021035002000036245005800056250001400114300002800128260004200156082001100198084001700209020000600226600001000232990001000242INLIS00000000000096120240913100303 a0010-0924000042 aMahkamah Peradilan Di Padang Mahsyar /cUst.Labib,MZ. aCetakan 1 a144 hlm :b- ;c20.5 cm aSurabaya :bBintang Usaha Jaya,c2003 a297.23 a297.23 LAB m a- 4aAgama a3.732